| 000 | 00000nam##2200000za#4500 |
| 001 | 9.696415 |
| 003 | CaOODSP |
| 005 | 20210624235025 |
| 007 | cr ||||||||||| |
| 008 | 150407|1997||||xxc|||||o f|0| 0 eng|d |
| 040 | |aCaOODSP|beng |
| 043 | |an-cn--- |
| 086 | 1 |aF2-121/1-1997E-PDF |
| 110 | 1 |aCanada.|bDepartment of Finance.|bMinister of Finance. |
| 245 | 10|aDraft income tax regulations and explanatory notes : |h[electronic resource]|binsurance companies / |cpublished by Paul Martin, Minister of Finance. |
| 260 | |aOttawa - Ontario : |bFinance Canada. |cSeptember 1997. |
| 300 | |a79p. |
| 590 | |a12-32-Supp|b2012-07-11 |
| 690 | 07|aTaxation regulations|2gcpds |
| 690 | 07|aIncome tax|2gcpds |
| 775 | 08|tAvant-projet de modification du Règlement de l'impôt sur le revenu et notes explicatives : |w(CaOODSP)9.640532 |
| 776 | 0#|tDraft income tax regulations and explanatory notes : |w(CaOODSP)9.646799 |
| 856 | 40|ahttp://publications.gc.ca|qPDF|s173 KB|uhttps://publications.gc.ca/collections/Collection/F2-121-1-1997E.pdf |